000 00307nam a2200121Ia 4500
008 191201s2016 xx 000 0 und d
100 _aSINGHAL,Sanjay
245 0 _aUGC-NET/SET Computer Science and Applications
260 _aN. Delhi
_bDanika Pub
_c2016
300 _a1048
650 _aMCA
942 _2ddc
_cBK
999 _c6299
_d6299